<?xml version="1.0" encoding="UTF-8"?>
<marc:record xmlns:marc="http://www.loc.gov/MARC21/slim">
   <marc:leader>00000nam a2200000 a 4500</marc:leader>
   <marc:datafield ind1="1" ind2=" " tag="100">
      <marc:subfield code="a">Sonnenfeld, Barry</marc:subfield>
      <marc:subfield code="4">drt</marc:subfield>
      <marc:subfield code="e">Regisseur/-in</marc:subfield>
   </marc:datafield>
   <marc:datafield ind1=" " ind2=" " tag="653">
      <marc:subfield code="a">Film: Action, Abenteuer</marc:subfield>
   </marc:datafield>
   <marc:datafield ind1="0" ind2="0" tag="245">
      <marc:subfield code="a">Men in Black [Bildtonträger]</marc:subfield>
   </marc:datafield>
   <marc:datafield ind1=" " ind2="1" tag="264">
      <marc:subfield code="a">Frankfurt am Main</marc:subfield>
      <marc:subfield code="b">Sony Pictures Home Entertainment</marc:subfield>
      <marc:subfield code="c">2012</marc:subfield>
   </marc:datafield>
   <marc:datafield ind1="1" ind2=" " tag="520">
      <marc:subfield code="a">Nur die Men in Black kennen das bestgehütete Geheimnis der Welt: auf der Erde wimmelt es von Aliens! Außerirdische der unterschiedlichsten Art haben sich - als Menschen getarnt - auf dem Planeten breitgemacht. Einige werden geduldet, andere aufgespürt, gejagt, vertrieben. Und diesen Job erledigen die beiden zähesten unter den Alienjägern, die Agenten Kay (Tommy Lee Jones) und Jay (Will Smith). Doch dann landet ein intergalaktisches Riesenmonster auf der Erde - sein Ziel: die totale Vernichtung der Welt. Trotz optimaler High-Tech-Bewaffnung haben die beiden Super-Agenten jetzt einen lebensgefährlichen Auftrag! Als sie die Fährte des außerirdischen Eindringlings aufgenommen haben, scheint es fast zu spät zu sein - eine globale Katastrophe bahnt sich an...</marc:subfield>
   </marc:datafield>
   <marc:datafield ind1=" " ind2=" " tag="041">
      <marc:subfield code="a">ger</marc:subfield>
   </marc:datafield>
   <marc:datafield ind1="1" ind2=" " tag="521">
      <marc:subfield code="a">FSK ab 12 freigegeben</marc:subfield>
   </marc:datafield>
   <marc:datafield ind1="1" ind2=" " tag="521">
      <marc:subfield code="a">12</marc:subfield>
   </marc:datafield>
   <marc:datafield ind1=" " ind2=" " tag="338">
      <marc:subfield code="a">Videodisk</marc:subfield>
   </marc:datafield>
   <marc:datafield ind1=" " ind2=" " tag="300">
      <marc:subfield code="a">1 DVD</marc:subfield>
   </marc:datafield>
</marc:record>
